Diccionario enciclopédico espasa 1 /

Guardado en:
Formato: Libro
Publicado: Madrid : Espasa Calpe, 1998
Edición:13a. ed.
Materias:
Etiquetas: Agregar Etiqueta
Sin Etiquetas, Sea el primero en etiquetar este registro!
LEADER 00425nam a22001575a 4500
001 CEM.cems010660
005 20080505120006.0
008 130507s1998##################000#0#####d
003 CEMS
082 0 4 |a C030 
245 0 0 |a Diccionario enciclopédico espasa 1 / 
250 |a 13a. ed. 
260 |a Madrid :  |b Espasa Calpe,  |c 1998 
300 |a 1780 p. 
653 |a Diccionarios 
859 |a CEMS  |b BIB. CEMS - 11 de abril  |h C030  |i Es62  |p 21265.01  |t Ej.1